000 00506nam a2200193 a 4500
001 1766561311907
003 YourLibrary
005 20251224125939.0
008 251224s1960##################000#0#eng##
020 _a9780415151573
082 0 4 _a616.89
_bJUN.3
100 1 _aJung, C. G.,
_eauthor.
245 1 0 _aThe Psychogenesis of Mental Disease :
260 _bPsychology Press,
_c1960.
300 _a324 pages
650 0 _aPsychology.
942 _cENGLISH
040 _aYourLibrary
_beng
_cYourLibrary
999 _c604455
_d604455